Liberal perspectives for south asia / (Record no. 15017)

000 -LEADER
fixed length control field 02159nam a2200241 a 4500
001 - CONTROL NUMBER
control field ASIN8175966629
005 - DATE AND TIME OF LATEST TRANSACTION
control field 20170105102909.0
008 - FIXED-LENGTH DATA ELEMENTS--GENERAL INFORMATION
fixed length control field 131025s2009 xxu eng d
020 ## - INTERNATIONAL STANDARD BOOK NUMBER
International Standard Book Number 8175966629 (paperback)
Terms of availability $45.00
020 ## - INTERNATIONAL STANDARD BOOK NUMBER
International Standard Book Number 9788175966628 (paperback)
040 ## - CATALOGING SOURCE
Original cataloging agency 0
050 04 - LIBRARY OF CONGRESS CALL NUMBER
Classification number JC574.2.S64
082 04 - DEWEY DECIMAL CLASSIFICATION NUMBER
Classification number 320.51095
245 10 - TITLE STATEMENT
Title Liberal perspectives for south asia /
Statement of responsibility, etc. Rajiva Wijesinha.
260 ## - PUBLICATION, DISTRIBUTION, ETC.
Place of publication, distribution, etc. [S.l.] :
Name of publisher, distributor, etc. Cambridge University Press India Pvt. Ltd.,
Date of publication, distribution, etc. 2009.
300 ## - PHYSICAL DESCRIPTION
Extent 260 p. ;
Dimensions 23 cm.
520 ## - SUMMARY, ETC.
Summary, etc. Liberal Perspectives for South Asia discusses the essentials of the liberal philosophy, while also indicating how appropriate it is in the South Asian context. In the past, the subcontinent was renowned for the skill with which it took up the dominant ideologies of the west and articulated them for the Asian context. In the post-colonial period, the only dominant ideology that was sidetracked by all political parties was liberalism, the ideology that promoted freedom of the individual. The idea of a book about the need for liberalism in the subcontinent was the brainchild of Chanaka Amaratunga, who set up the first avowedly Liberal Party in Sri Lanka. Many political parties have implemented liberal policies on an ad hoc basis and without a proper framework to guide them. Not all parties would accept all aspects of a liberal programme, however, in a context in which many parties are seeking an ideology that accords both with the present times and trends, and also with some of the goals they accepted in the past. It is hoped that this volume will provide food for thought and ideas for adoption and incorporation within the party programme. Ranging from erudite expositions of classic liberal thinkers to lively discussions of liberal economic principles put into practice by imaginative entrepreneurs, this volume is essential reading for a region making a swift transition into the contemporary, globalized world.
650 #0 - SUBJECT ADDED ENTRY--TOPICAL TERM
Topical term or geographic name entry element Liberalism
650 #0 - SUBJECT ADDED ENTRY--TOPICAL TERM
Topical term or geographic name entry element South Asia
700 1# - ADDED ENTRY--PERSONAL NAME
Personal name Wijesinha, Rajiva.
856 40 - ELECTRONIC LOCATION AND ACCESS
Materials specified Amazon.com
Uniform Resource Identifier <a href="http://www.amazon.com/exec/obidos/ASIN/8175966629/chopaconline-20">http://www.amazon.com/exec/obidos/ASIN/8175966629/chopaconline-20</a>
942 ## - ADDED ENTRY ELEMENTS (KOHA)
Source of classification or shelving scheme
Koha item type Book
Holdings
Withdrawn status Lost status Damaged status Not for loan Collection code Permanent Location Current Location Shelving location Date acquired Total Checkouts Full call number Barcode Date last seen Price effective from Koha item type
          Centre for International Peace & Stability (CIPS) Centre for International Peace & Stability (CIPS) General Stacks 10/01/2013   320.51095 LIB 2009 CIPS0001360 10/25/2013 10/25/2013 Book
© 2023 Central Library, National University of Sciences and Technology. All Rights Reserved.